|
|
|
|
| LEADER |
00000nam0a2200000 4500 |
| 001 |
139629 |
| 005 |
20231031141820.0 |
| 035 |
|
|
|a (RuTPU)RU\TPU\book\151261
|
| 090 |
|
|
|a 139629
|
| 100 |
|
|
|a 20080609d1955 m y0rusy50 ca
|
| 101 |
0 |
|
|a rus
|
| 102 |
|
|
|a RU
|
| 105 |
|
|
|a a j 001zy
|
| 200 |
1 |
|
|a Автоматизация работы водопроводно-канализационных сооружений
|f В. Ф. Кожинов, Г. С. Попкович, М. И. Карлинская
|
| 210 |
|
|
|a Москва
|c Изд-во литературы по строительству и архитектуре
|d 1955
|
| 215 |
|
|
|a 368 с.
|c ил.
|
| 320 |
|
|
|a Библиогр.: с. 255-256.
|
| 610 |
1 |
|
|a водопроводное хозяйство
|
| 610 |
1 |
|
|a канализационные сооружения
|
| 610 |
1 |
|
|a работа
|
| 610 |
1 |
|
|a автоматизация
|
| 610 |
1 |
|
|a приборы
|
| 610 |
1 |
|
|a контроль
|
| 610 |
1 |
|
|a элементы
|
| 610 |
1 |
|
|a автоматические устройства
|
| 610 |
1 |
|
|a автоматическое регулирование
|
| 610 |
1 |
|
|a насосные станции
|
| 610 |
1 |
|
|a очистные сооружения
|
| 610 |
1 |
|
|a телемеханизация
|
| 610 |
1 |
|
|a технико-экономические показатели
|
| 675 |
|
|
|a 696.1
|v 3
|
| 700 |
|
1 |
|a Кожинов
|b В. Ф.
|
| 701 |
|
1 |
|a Попкович
|b Г. С.
|
| 701 |
|
1 |
|a Карлинская
|b М. И.
|
| 801 |
|
1 |
|a RU
|b 63413507
|c 20080609
|g PSBO
|
| 801 |
|
2 |
|a RU
|b 63413507
|c 20081204
|g PSBO
|
| 942 |
|
|
|c BK
|